Practical research planning and desing

Guardat en:
Dades bibliogràfiques
Autor principal: Leedy, Paul D (Autor)
Format: Llibre
Idioma:anglès
Publicat: Nueva York MacMillan 1992
Edició:5a. ed
Matèries:
Etiquetes: Afegir etiqueta
Sense etiquetes, Sigues el primer a etiquetar aquest registre!

MARC

LEADER 00000nam a2200000 a 4500
001 UCT0311
003 CL-VaPUC
008 960830e19920000US |||||||||||||||||eng|d
082 0 4 |a 001.4  |b LEE  |2 21 
100 0 |a Leedy, Paul D  |e author  |9 368950 
245 1 0 |a Practical research planning and desing 
250 |a 5a. ed 
300 |a 348 p 
942 |c BK 
945 |d 19960830 00:00:00  |a rleighto 
260 |a Nueva York  |b MacMillan  |c 1992 
650 7 |a INVESTIGACIONES  |2 CL-VaPUC  |9 261211 
650 7 |a EXPERIMENTOS  |2 CL-VaPUC  |9 270782 
650 7 |a HERRAMIENTAS  |2 CL-VaPUC  |9 263987 
650 0 |a Metodología   |9 256610 
583 |a last modification  |c 19960830 00:00:00  |k Rodrigo Vera 
999 |c 251345  |d 251343 
952 |0 0  |1 0  |4 0  |6 001_400000000000000_LEE_1992  |7 0  |8 P  |9 270451  |a BIBEDU  |b BIBEDU  |d 2019-11-19  |i 3224821  |o 001.4 LEE 1992  |p 3224821  |r 2024-01-25  |w 2019-11-19  |y BK  |k EDU